000 00606nam a2200205 i 4500
001 79580
003 ES-MaACL
005 20250907063050.0
007 t|
008 041022s1931 sp ||||1| spa d
100 1 _aVillar, Emilio H. del,
_d1871-1951
_9115067
245 1 3 _aEl suelo /
_cpor Emilio Hernández del Villar.
260 _aBarcelona :
_bSalvat,
_c1931.
300 _a242 p., 8 lám. ;
_c21 cm.
490 1 _aBiblioteca agrícola Salvat
650 0 4 _aEdafología.
_9135952
830 0 _aBiblioteca agrícola Salvat
_9181672
852 _aES-MaACL
_jA-626
999 _c79580
_d79580